00393nam a2200145Ia 4500008004100000040001900041041001200060082003000072100001300102245003500115260003500150300002100185650003100206850001000237131103s9999 xx 000 0 und d aLoreto College aEnglish a891.4309/NAGbLCLIB/37007 aNagendra aHindi Sahitya itihascNagendra a[s.l]bMayur Paper Booksc1992 a791 p. c 21 cm. aHindi Literature - History aLCLIB